Xerojardinería

Guardat en:
Dades bibliogràfiques
Autor principal: Bures, Silvia (Autor)
Format: Llibre
Idioma:espanyol
Publicat: Barcelona Horticultura 1993
Col·lecció:Compendio de Horticultura, 5
Matèries:
Etiquetes: Afegir etiqueta
Sense etiquetes, Sigues el primer a etiquetar aquest registre!

MARC

LEADER 00000nam a2200000 a 4500
001 UCO3865
003 CL-VaPUC
008 000728e19930000SP |||||||||||||||||spa|d
082 0 4 |a 635.9  |b BUR  |2 21 
100 0 |a Bures, Silvia  |e author  |9 447861 
245 1 0 |a Xerojardinería 
300 |a 71 p 
942 |c BK 
945 |d 20000728 00:00:00  |a vberengu 
260 |a Barcelona  |b Horticultura  |c 1993 
650 0 |a Arquitectura del paisaje  |9 268210 
650 0 |a Jardinería   |9 310804 
650 0 |a Jardines  |9 268264 
583 |a last modification  |c 20000728 00:00:00  |k Rodrigo Vera 
490 0 |a Compendio de Horticultura, 5 
999 |c 289991  |d 289989 
952 |0 0  |1 0  |4 0  |6 635_900000000000000_BUR_1993  |7 0  |8 A  |9 339039  |a BIBAGR  |b BIBAGR  |d 2019-11-20  |i 3595412  |o 635.9 BUR 1993  |p 3595412  |r 2025-01-20  |w 2019-11-20  |y BK  |k AGR